000 00965nam a2200301 a 4500
001 000047446
003 DO-SdBPM
005 20250917093020.0
007 ta
008 180529s2016 dr a 000 p spa d
020 _a9789945082883
040 _aDO-SdBPM
_bspa
_cBPMSU
_drda
082 4 _aRD861.44
_bE56c 2016
_222
100 1 _aEncarnación Antuna, César Bolívar,
_d1962
_eautor
245 1 0 _aCubin Loasto & otros poemas :
_b(poesía mística) /
_cCésar Bolívar Encarnación Antuna.
250 _a2a. ed.
264 _aBonao, República Dominicana :
_bImpresos Gutenberg,
_c2016.
300 _a153 páginas ;
_c21 cm.
336 _atexto
_btxt
_2rdacontent
337 _asin mediación
_bn
_2rdamedia
338 _avolumen
_bnc
_2rdacarrier
590 _aInventariado, 2025/VM
650 7 _aPoesía dominicana
650 7 _aLiteratura dominicana.
650 z _aDominican literature
910 _aVMateo V. Control de calidad BPMSU
942 _2ddc
_cBK
999 _c15399
_d15399